| 000 | 00531nam a2200241Ia 4500 | ||
|---|---|---|---|
| 008 | 210210b1987 xxu||||| |||| 00| 0 eng d | ||
| 082 | _a657.46 GAUI | ||
| 100 | _aGAUR (V P) | ||
| 245 | _aIncome Tax law and practice Ed 5 | ||
| 250 | _a | ||
| 260 |
_aNew Delhi. _bKalyani Publishers, _c1987 |
||
| 300 | _axii,5,68 | ||
| 650 | _aTax | ||
| 650 | _apractice | ||
| 650 | _alaw | ||
| 650 | _aIncome | ||
| 650 | _aEd | ||
| 650 | _aand | ||
| 650 | _a5 | ||
| 690 | _aIncome Tax | ||
| 700 | _aNARANG (D B) | ||
| 906 | _a040152 | ||
| 999 |
_c89985 _d89985 |
||